000 00546nam a2200229Ia 4500
001 11960
003 GE_BSU
008 181216s||||||||xx |||||||||||||| ||und||
020 _a9780071627085
040 _cGE_BSU
080 _a615.84
100 _aChen, Michael Y. M.,Pope, Thomas Lee,Ott, David J.
245 _aBasic Radiology
245 2 _bA Lange Medical Book
260 _aUnited States
260 _bMcGraw-Hill Medical
260 _c2011
300 _a396p.23cm.
541 _h117Gel.
653 _aBasic Radiology
942 _cBK
999 _c45137
_d45137